00258nam a2200121Ia 4500100002000000650001100020366000700031245002500038260002800063082001400091300000800105546002300113 aDostalek/Libor  aTCP/IP f20 aUnderstanding TCP/IP bShroff Publishersc2006 a4.62bDOS a462 aENGLISHcComputers